00503nam a2200193 a 4500001001300000003000900013005001700022008004100039020002300080082001600103100001900119245002900138260003000167300000900197500003500206505002400241650002500265700001900290nice12345678IN_TiNIC20260116013253.0050524s1997 dela grp 000 0 eng  a817117X c47000a294.6bSIN8 aSingh, Raghbir aAkali Movement 1926-1947 aDelhibOm Sons Pub.c1997 a256p aincludes index and biblioraphy2 aBibliography, Index aSikhism and Politics1 aSingh, Raghbir